000 nam a22 a 4500
999 _c390834
_d390834
003 BLK
005 20201029111715.0
008 180409b bul|||||r ||||||| ||bul||
010 _aKNG00119191000
040 _aBLK
041 _aFRE
_cFRE
080 _aФренска литература
_b821.133.1
_x-1
_z821.133.1-1
080 _aФренска литература
_b821.133.1
_x-3
_z821.133.1-3
100 1 _aBoileau, Nicolas
_eпърви автор
_gBoileau Despreaux, Nicolas
_9279441
139 _aBoileau, Nicolas
_bB 73
245 1 0 _aOeuvres poetiques et fragments des ouvres en prose
_cNicolas Boileau; comment. Ch. Aubertin.
_bNouv. ed., collationnee sur les meilleures textes et renfermant une annotation generale d'apres tous les commantateurs, un noueau commentaire grammatical, des notices litteraires sur les auteurs de satires et d'arts poetiques en francais, une apreciation du style de Boileau et une vie de l'auteur.
257 _aFRA
260 _aParis
_bEugene Belin
_c1888
_9435756
300 _aXXXI, 420 p.
_c18 cm
380 _aX
490 _aКолекция Редки и ценни издания
_9435080
700 _962
_aAubertin, Ch.
_ecomment.
852 _aРф 888
_bРц
856 4 _qpdf
856 4 _qpdf
942 _cKNG
_n0
_s1
944 _aCR
_c2020-10-29
_lф /
_kТД
944 _aED
_c14.10.2010
_lф /
999 _d390834
999 _d113772